Normal view
MARC view
- بنيان، عبدالحليم علي.
Entry Personal Name
001 - CONTROL NUMBER
- control field: 65249
003 - CONTROL NUMBER IDENTIFIER
- control field: JO-AjAnu
005 - DATE AND TIME OF LATEST TRANSACTION
- control field: 20240402103805.0
008 - FIXED-LENGTH DATA ELEMENTS
- fixed length control field: 240402|| aca||aabn | a|a d
040 ## - CATALOGING SOURCE
- Original cataloging agency: JO-AjAnu
100 ## - HEADING--PERSONAL NAME
- Personal name: بنيان، عبدالحليم علي.
- Relator term: معد